A Cast for All Seasons: Friends Quiz Stats

 Plays Quiz Updated Aug 29, 2017

     
Support Sporcle.
Go Orange.
Score 0/10 Timer 01:30
6 Plays Today
% Correct
David Schwimmer
97.7%
Courteney Cox
97.5%
Jennifer Aniston
96.2%
Matthew Perry
95.3%
Lisa Kudrow
95.2%
Matt LeBlanc
94.5%
James Michael Tyler
69.1%
Elliott Gould
66.6%
Maggie Wheeler
51.8%
Christina Pickles
47.2%

From the Vault

Three at a Time: US Presidents

by Hejman

History 3m
Seems like having three Presidents at once would lead to a lot of arguments.
Remove Ads.
Support Sporcle.
Get the best of Sporcle when you Go Orange. This ad-free experience offers more features, more stats, and more fun while also helping to support Sporcle. Thank you for becoming a member.

Show Comments

Extras

Top Quizzes Today


Score Distribution

Your Account Isn't Verified!

In order to create a playlist on Sporcle, you need to verify the email address you used during registration. Go to your Sporcle Settings to finish the process.

Report this User

Report this user for behavior that violates our Community Guidelines.

Details: